LDR 00608naa#a2200169#i#450# 001 EN\\bibl\120296 005 20260416205405.4 011 ## _a1819-4036 100 ## _a20210331b2021####ek#y0engy0150####ca 102 ## _aRU 200 1# _aCRYOPROTECTORS SELECTION TO FREEZE BACTERIAL CONCENTRATE OF SYMBIOTIC STARTER _eJournal article 210 1# _aKrasnoyarsk _cKrasnoyarsk State Agrarian University _d2021 215 ## _a5 с. 608 ## _aJournal article _2local 675 ## _aМолоко, мясо и другие продукты животноводства. 637 _z 700 #1 _aZandanova _gTuyana Nimbuevna 856 4# _avestnik.kgau.ru _u